| 000 | 00777nab a2200229u 4500 | ||
|---|---|---|---|
| 001 | 23009 | ||
| 003 | HDC | ||
| 007 | c| |||a|c|aaaa | ||
| 008 | 210313b99990605my ||||o |||| 00| 0 may d | ||
| 040 | _aHDC | ||
| 245 | 0 | _aMALAYSIA TO MARKET AGRO-BASED HALAL FOOD PRODUCTS TO MIDDLE EAST | |
| 336 |
_atext _2rdacontent |
||
| 337 |
_acomputer _2rdamedia |
||
| 338 |
_aonline resource _2rdacarrier |
||
| 650 |
_aFederal Agricultural Marketing Authority (FAMA) _916449 |
||
| 650 |
_aTH Global Sdn Bhd _919746 |
||
| 710 | _aNam News Network | ||
| 856 | _zRequest full-text at [email protected] | ||
| 942 | _2lcc | ||
| 942 | _cNEWS | ||
| 942 | _kNWS0 005141 | ||
| 999 |
_c20325 _d20325 |
||